000
00501nam a2200169Ia 4500
008
090711s9999 xx 000 0 und d
082
_b
897
100
_a
नरवणे सुधा
245
_a
लामणदिवा
260
_b
चंद्रमौळी प्रकाशन
_c
1998
300
_a
176
600
_a
नरवणे सुधा
630
_a
लामणदिवा
700
_a
नरवणे सुधा
730
_a
लामणदिवा
942
_c
BOOK
999
_c
333707
_d
333707